000 00508nam a2200181Ia 4500
005 20250326124226.0
008 250326s9999 xx 000 0 und d
037 _aTextbook
040 _aFMSL
_beng
_cFMSL
041 _aeng
_2eng
084 _aX:51og8 L0
_qFMSL
100 _aClark W A
_9737027
245 0 _aMarketing and management science: synergism
_cClark W A
260 _aUSA
_bUSA, Richard D Irwin
_c1970
300 _a449p
942 _cTB
_hX:51og8 L0
999 _c1272826
_d1272826